The Effects of Exchange Rate Change on the Trade Balance in Croatia /

A reduced-form model approach was used to estimate the trade balance response to permanent domestic currency depreciation. For this purpose, long-run and short-run effects were estimated, using three modeling methods along with two real effective exchange rate measures. On average, a 1 percent perma...

Szczegółowa specyfikacja

Opis bibliograficzny
1. autor: Stucka, Tihomir
Format: Czasopismo
Język:English
Wydane: Washington, D.C. : International Monetary Fund, 2004.
Seria:IMF Working Papers; Working Paper ; No. 2004/065
Dostęp online:Full text available on IMF
LEADER 01762cas a2200241 a 4500
001 AALejournalIMF008571
008 230101c9999 xx r poo 0 0eng d
020 |c 5.00 USD 
020 |z 9781451848717 
022 |a 1018-5941 
040 |a BD-DhAAL  |c BD-DhAAL 
100 1 |a Stucka, Tihomir. 
245 1 4 |a The Effects of Exchange Rate Change on the Trade Balance in Croatia /  |c Tihomir Stucka. 
264 1 |a Washington, D.C. :  |b International Monetary Fund,  |c 2004. 
300 |a 1 online resource (30 pages) 
490 1 |a IMF Working Papers 
500 |a <strong>Off-Campus Access:</strong> No User ID or Password Required 
500 |a <strong>On-Campus Access:</strong> No User ID or Password Required 
506 |a Electronic access restricted to authorized BRAC University faculty, staff and students 
520 3 |a A reduced-form model approach was used to estimate the trade balance response to permanent domestic currency depreciation. For this purpose, long-run and short-run effects were estimated, using three modeling methods along with two real effective exchange rate measures. On average, a 1 percent permanent depreciation improves the equilibrium trade balance by between 0.94 percent and 1.3 percent. The new equilibrium is established after approximately 2.5 years. Evidence of the J-curve is also found. Overall, in the light of the results obtained, it is questionable whether permanent depreciation is desirable to improve the trade balance, taking into account potential adverse effects on the rest of the economy. 
538 |a Mode of access: Internet 
830 0 |a IMF Working Papers; Working Paper ;  |v No. 2004/065 
856 4 0 |z Full text available on IMF  |u http://elibrary.imf.org/view/journals/001/2004/065/001.2004.issue-065-en.xml  |z IMF e-Library